Vistas in plant pathology. (Record no. 39166)

MARC details
000 -LEADER
fixed length control field 00402nam a2200157Ia 4500
082 ## - DEWEY DECIMAL CLASSIFICATION NUMBER
Classification number 581.2
Item number ANU
100 ## - MAIN ENTRY--AUTHOR NAME
Personal name ANUPAM VARMA
245 #0 - TITLE STATEMENT
Title Vistas in plant pathology.
260 ## - PUBLICATION, DISTRIBUTION, ETC. (IMPRINT)
Place of publication New Delhi
Name of publisher Malhotra
Year of publication 1986
650 ## - SUBJECT ADDED ENTRY--TOPICAL TERM
Topical Term Embryo culture
650 ## - SUBJECT ADDED ENTRY--TOPICAL TERM
Topical Term Plant bacterial disease
650 ## - SUBJECT ADDED ENTRY--TOPICAL TERM
Topical Term Plant pathology
700 ## - ADDED ENTRY--PERSONAL NAME
Personal name JEEVAN P VERMA
942 ## - ADDED ENTRY ELEMENTS (KOHA)
Koha item type Books
Holdings
Withdrawn status Lost status Damaged status Not for loan Home library Current library Date acquired Full call number Accession Number Koha item type
        RRII Library RRII Library 16/12/2021 581.2 ANU 19510 Books